000 00907nam a22002657a 4500
001 5584
003 FISKH
005 20241219095412.0
008 241219b cb ||||| |||| 00| 0 eng d
020 _a0590135864
040 _aFISKH
_beng
_cFISKH
_dFISKH
050 _aPZ8.S399
082 _a398.25
100 _aSchwart, Alvin
245 _aMore scary stories to tell in the dark /
_cCollection from Folklore and Retold by Alvin Schwartz : Drawing by Stephen Gammell
260 _aNew York :
_bScholastic ;
_c1984.
300 _a100 pages :
_billustrations ;
_c20 cm .
490 _aScary stories to tell in the dark
520 _aMore traditional and modern-day stories of ghosts, witches, vampires, "jump" stories, and scary songs.
650 _aghost stories
_vFiction
650 _a young adult
_vFiction
700 _aGammell, Stephen
_eillustrator
942 _2ddc
_cBK
_n0
999 _c5584
_d5584